000 00287nam a2200121Ia 4500
008 190216s9999||||xx |||||||||||||| ||und||
100 _aKrishna Chander
245 0 _aHindi-Kashmir Ki Kahaniya
260 _bDaksh Shiksha Samithi
_c2007
300 _a136
650 _aHindi
942 _cBK
999 _c16435
_d16435